Представление документа в формате MARC21

Поле Инд. ПП Название Значение
Тип записи a
Библиографический уровень b
001 Контрольный номер UNIDUBNA47ae427420b84886aace8fb2f8dcf716
005 Дата корректировки 20260528121129.0
008 Кодируемые данные 20170331
040 b Код языка каталог. rus
e Правила каталог. PSBO
041 0_ a Код языка текста rus
084 a Индекс другой классификации/Индекс ББК 63.3(2)522-35
100 1_ a Автор Экштут С.
q Полное имя Экштут Семен
245 10 a Заглавие Военная реформа Дмитрия Милютина: от суровой тяготы к высокому долгу
b Продолж. заглавия Уроки реформы, поразившей современников, по-прежнему актуальны
520 0_ a Аннотация Дмитрий Алексеевич Милютин (28 июня [10 июля] 1816 — 25 января [7 февраля] 1912) - генерал-фельдмаршал, военный министр Российской империи и реформатор армии. Военная реформа Милютина стала одной из самых масштабных и глубоких в истории русской армии. В числе прочего она ввела всеобщую воинскую повинность вместо рекрутской, предусматривала повышение уровня военной грамотности офицеров, переход на нарезное и скорострельное оружие, ограничивала телесные наказания в армии.
600 14 a Персоналии Александр II (рос. император)
a Персоналии Милютин Дмитрий Алексеевич
650 14 a Основная рубрика внутренняя политика
a Основная рубрика история
653 0_ a Ключевые слова Великие реформы 1850-1870
a Ключевые слова военная грамотность
a Ключевые слова военная реформа 1860-х
a Ключевые слова всеобщая воинская повинность
a Ключевые слова история вооруженных сил
a Ключевые слова отмена телесных наказаний
a Ключевые слова офицерские кадры
a Ключевые слова реформа армии
a Ключевые слова Российская империя
a Ключевые слова Россия
a Ключевые слова скорострельное оружие
773 08 t Заглавие источника Родина
d Дата издания источника 2024
g Прочая информация № 4. - С. 98 - 102 : фот., ил.
w Контрольный № источника UNIDUBNA06748ebef1dc4c8fbd70c6831f8aaaea
901 t Тип документа b